| 000 -LEADER | |
|---|---|
| fixed length control field | 00441nam a22001817a 4500 |
| 005 - DATE AND TIME OF LATEST TRANSACTION | |
| control field | 20200521153947.0 |
| 008 - FIXED-LENGTH DATA ELEMENTS--GENERAL INFORMATION | |
| fixed length control field | 200521b xxu||||| |||| 00| 0 eng d |
| 020 ## - INTERNATIONAL STANDARD BOOK NUMBER | |
| ISBN | 9789388822664 |
| 041 ## - LANGUAGE CODE | |
| Language code of text/sound track or separate title | eng |
| 082 ## - DEWEY DECIMAL CLASSIFICATION NUMBER | |
| Classification number | 340.0954 MAL |
| 100 ## - MAIN ENTRY--AUTHOR NAME | |
| Personal name | Malik, Sumeet |
| 245 ## - TITLE STATEMENT | |
| Title | Landmarks in Indian Legal and Constitutional History |
| 250 ## - EDITION STATEMENT | |
| Edition statement | 12'th ed. |
| 260 ## - PUBLICATION, DISTRIBUTION, ETC. (IMPRINT) | |
| Place of publication | Lucknow |
| Name of publisher | EBC |
| 300 ## - PHYSICAL DESCRIPTION | |
| Number of Pages | 699p. |
| 650 ## - SUBJECT ADDED ENTRY--TOPICAL TERM | |
| Topical Term | LAW |
| 942 ## - ADDED ENTRY ELEMENTS (KOHA) | |
| Koha item type | Books |
| Lost status | Damaged status | Collection code | Home library | Current library | Shelving location | Date acquired | Source of acquisition | Cost, normal purchase price | Full call number | Accession Number | Koha item type |
|---|---|---|---|---|---|---|---|---|---|---|---|
| LAW | JRU Library | JRU Library | SHELF-29-A | 02/06/2020 | PURCHASE | 645.00 | 340.0954 MAL | 24321 | Books | ||
| LAW | JRU Library | JRU Library | SHELF-29-A | 02/06/2020 | PURCHASE | 645.00 | 340.0954 MAL | 24322 | Books | ||
| LAW | JRU Library | JRU Library | SHELF-29-A | 02/06/2020 | PURCHASE | 645.00 | 340.0954 MAL | 24323 | Books | ||
| Reference | JRU Library | JRU Library | SHELF-1-A | 02/06/2020 | PURCHASE | 645.00 | 340.0954 MAL | 24324 | Books |